000
00228 a2200097 4500
082
_a
510 BAL
100
_a
Baloch,R.B
245
_a
Mathematics [Book 4]
_c
R.B.Baloch
260
_a
Karachi
_b
Haroon Brothers
300
_a
156p. :
_b
ill. ;
_c
25 cm
650
_a
maths
999
_c
468
_d
468